TYPOLÓGIA KRAJINY PODĽA POSÔBENIA [!] KRAJINNÉHO OBRAZU

Podrobná bibliografia
Hlavný autor: Lešinská, Ľubica (Autor)
Médium: Článok
Jazyk:slovenčina
ISBN:8022711780

MARC

LEADER 00000naa a2200000uu 4500
001 vtls010937997
003 SK-MaSNL
005 20260302120433.0
008 210902|1998 xo |||||||||||||||||slo|
015 |a SNBRA 
035 |a (urnnbn)urn:nbn:sk:snk:ar-a0b9d1 
035 |a (uuid)9cccd3b3-35e3-4a39-823f-39be4e64ac97 
035 |a urn:nbn:sk:snk-aau1ox 
040 |a SNKBUCL  |b slo  |c SNKBUCL  |e AACR2 
041 0 |a slo 
044 |a xo  |c SK 
100 1 |a Lešinská, Ľubica  |4 aut  |9 777150 
245 1 0 |a TYPOLÓGIA KRAJINY PODĽA POSÔBENIA [!] KRAJINNÉHO OBRAZU  |c Ľubica Lešinská 
246 3 |a TYPOLÓGIA KRAJINY PODĽA PÔSOBENIA KRAJINNÉHO OBRAZU 
773 0 |t Krajinný obraz - národná kultúrna hodnota  |d Bratislava : Slovenská technická univerzita, 1998, 1998  |g S. 107-115  |z 8022711780 
958 |a OND 
958 |a article11 
958 |a chapter 
999 |c 1269751  |d 1271681